| 000 | 00859nam a22002177a 4500 | ||
|---|---|---|---|
| 005 | 20161128092210.0 | ||
| 008 | 160415b2010 ck a gr|||| 00| 0 spa d | ||
| 020 | _a9789584465320 | ||
| 040 |
_aCO-BoIAVH _cCO-BoIAVH |
||
| 041 | 0 | _aspa | |
| 044 | _ack | ||
| 082 | 0 | 4 |
_a578.68 _bR91f |
| 100 | 1 | _aRueda-Almonacid, José Vicente | |
| 245 | 1 | 0 |
_aFauna amenazada del departamento de Córdoba / _cJosé Vicente Rueda Almonacid y José Nicolás Rueda |
| 260 |
_a[Bogotá?] : _bCorporación Colombia en Hechos, _c2010. |
||
| 300 |
_a86 páginas : _bilustraciones a color ; _c14 x 9 centímetros |
||
| 650 | 6 |
_aEspecies en peligro de extinción _zCórdoba (Departamento, Colombia) |
|
| 650 | 6 |
_aFauna _xEspecies en peligro de extinción _zCórdoba (Departamento, Colombia) |
|
| 700 | 1 |
_aRueda, José Nicolás _eautor |
|
| 942 |
_2ddc _cLIBRO |
||
| 999 |
_c18286 _d18286 |
||